| 000 | 00729nam a2200289 a 4500 | ||
|---|---|---|---|
| 003 | AR-BaBNM | ||
| 005 | 20251128205705.0 | ||
| 008 | 082120s2002 ||||||||||||||000 | spa|| | ||
| 020 | _a84-323-0139-6 | ||
| 040 | _cAR-BaBNM | ||
| 100 | 1 | _aCastells, Manuel | |
| 245 | 0 | 0 | _aLa cuestión urbana |
| 250 | _a1ª ed. | ||
| 260 |
_aMadrid _bSiglo Veintiuno _c1974 |
||
| 300 |
_ax, 430 p. _bgráfs. |
||
| 490 | 0 | _aArquitectura y urbanismo | |
| 650 | 4 | _aPLANIFICACION URBANA | |
| 650 | 4 | _aVIVIENDA | |
| 650 | 4 | _aURBANISMO | |
| 650 | 4 | _aSOCIOLOGIA URBANA | |
| 650 | 4 | _aDEMOGRAFIA | |
| 650 | 4 | _aMEDIO URBANO | |
| 650 | 4 | _aSOCIOLOGIA POLITICA | |
| 700 | 1 |
_aOliván, Irene C. _etraductor |
|
| 942 | _cBK | ||
| 998 | _cMARTIN | ||
| 999 |
_c12418 _d12418 |
||